=LDR 00000nam 2200000 4500 =001 INLIS000000000059312 =005 20211109102727 =035 ##$$a 0010-1121000049 =007 ta =008 211109###########################0###### =082 ##$$a 324.6 =084 ##$$a 324.6 Per p =245 1#$$a Peraturan Komisi Pemilihan Umum Republik Indonesia Nomor 18 tahun 2019 Tentang Perubahan Kedua Atas Peraturan Komisi Pemilihan Umum Nomor 3 Tahun 2017 Tentang Pencalonan Pemilihan Gubernur dan Wakil Gubernur, Bupati dan/atau Walikota dan Wakil Walikota =300 ##$$a 57 Halaman : $b ilus ; $c 21 cm =650 #4$$a Pemilu NTB - Gubernur - Juknis =240 ##$$a Indonesia [ Undang-undang, Peraturan dsb ] =264 ##$$a Mataram :$b Komisi Pemilihan Umum,$c 2019 =336 ##$$a Buku$2 rdacontent =337 ##$$a Teks$2 rdamedia =338 ##$$a lain-lain$2 rdacarrier =990 ##$$a 27302730 =990 ##$$a 27312731 =990 ##$$a 27322732 =990 ##$$a 254/50/2021 =990 ##$$a 3202102731 =990 ##$$a 3202102732 =990 ##$$a 254/50/2021 =990 ##$$a 254/50/2021 =990 ##$$a 3202102732 =990 ##$$a 254/50/2021 =990 ##$$a 254/50/2021 =990 ##$$a 254/50/2021